Epic Lyrics - Statistics

General Stats
  • This quiz has been taken 7 times
  • The average score is 25 of 36
Answer Stats
Lyrics % Correct
And it feels so good, it's like {walking} on glass
100%
But it makes no difference 'cause it knocks you {off} {your} {feet}
100%
Can you feel it, see it, hear it {today}?
100%
If you can't, then it doesn't {matter} anyway
100%
It's cryin', bleedin', {lying} on the floor
100%
You can touch it, smell it, taste it so {sweet}
100%
You want it all but you {can't} {have} {it}
100%
You want it all but you {can't} {have} {it}
100%
You want it all but you {can't} {have} {it}
100%
You will never {understand} it 'cause it happens too fast
100%
It's in your face but you {can't} {grab} {it}
75%
It's in your face but you {can't} {grab} {it}
75%
It's magic, it's {tragic}, it's a loss, it's a win
75%
It's so cool, it's so hip, it's {alright}
75%
It's so {groovy}, it's outta sight
75%
So you lay down on it and you do it {some} {more}
75%
{What} {is} {it}?
75%
{What} {is} {it?} x3
75%
{What} {is} {it?} x3
75%
{What} {is} {it?} x3
75%
{What} {is} {it?} x8
75%
It's alive, {afraid}, a lie, a sin
50%
It's dark, it's moist, it's a {bitter} pain
50%
{It's} {it}
50%
{It's} {it} x3
50%
{It's} {it} x3
50%
{It's} {it} x3
50%
{It's} {it} x7
50%
{It's} {it} (yeah, yeah, yeah)
50%
{It's} {it} (yeah, yeah, yeah)
50%
{It's} {it} (yeah, yeah, yeah)
50%
It's sad {it} {happened} and it's a shame
25%
Then you bare it and you {tear} {it}
25%
Then you bare it and you {tear} {it}
25%
You've got to {share} {it}, so you dare it
25%
You've got to {share} {it}, so you dare it
25%
No matching quizzes found
Score Distribution
Percent of People with Each Score
Percentile by Number Answered
Your Score History
You have not taken this quiz